Перспективы получения высокоэнтопийных сплавов методом селективного лазерного плавления; Инновационные технологии в машиностроении

Bibliographische Detailangaben
Parent link:Инновационные технологии в машиностроении.— 2023.— [С. 17-19]
1. Verfasser: Сапрыкина Н. А. Наталья Анатольевна
Körperschaft: Национальный исследовательский Томский политехнический университет Юргинский технологический институт
Weitere Verfasser: Сапрыкин А. А. Александр Александрович
Zusammenfassung:Заглавие с титульного экрана
В статье рассмотрены существующие составы и способы получения высокоэнтропийных сплавов. Описаны проблемы и перспективы получения сплава методом селективного плавления из порошковCo, Cr, Fe, Mo, Ni и Cu.
The article discusses the existing compositions and methods for obtaining high-entropy alloys. The problems and prospects of obtaining an alloy by selective melting from Co, Cr, Fe, Mo, Ni and Cu powders are described.
Sprache:Russisch
Veröffentlicht: 2023
Schriftenreihe:Технологии получения и обработки материалов в машиностроении
Schlagworte:
Online-Zugang:http://earchive.tpu.ru/handle/11683/76588
Format: Elektronisch Buchkapitel
KOHA link:https://koha.lib.tpu.ru/cgi-bin/koha/opac-detail.pl?biblionumber=635873

MARC

LEADER 00000naa2a2200000 4500
001 635873
005 20231102024826.0
035 |a (RuTPU)RU\TPU\conf\37730 
035 |a RU\TPU\conf\37727 
090 |a 635873 
100 |a 20230621d2023 k y0rusy50 ca 
101 0 |a rus  |d eng 
102 |a RU 
105 |a y z 101zy 
135 |a drgn ---uucaa 
181 0 |a i  
182 0 |a b 
200 1 |a Перспективы получения высокоэнтопийных сплавов методом селективного лазерного плавления  |f Н. А. Сапрыкина, А. А. Сапрыкин 
203 |a Текст  |c электронный 
225 1 |a Технологии получения и обработки материалов в машиностроении 
230 |a 1 компьютерный файл (pdf; 681 Kb) 
300 |a Заглавие с титульного экрана 
320 |a [Библиогр.: с. 19 (12 назв.)] 
330 |a В статье рассмотрены существующие составы и способы получения высокоэнтропийных сплавов. Описаны проблемы и перспективы получения сплава методом селективного плавления из порошковCo, Cr, Fe, Mo, Ni и Cu. 
330 |a The article discusses the existing compositions and methods for obtaining high-entropy alloys. The problems and prospects of obtaining an alloy by selective melting from Co, Cr, Fe, Mo, Ni and Cu powders are described. 
463 1 |0 (RuTPU)RU\TPU\conf\37634  |t Инновационные технологии в машиностроении  |o сборник трудов XIV Международной научно-практической конференции, 25–27 мая 2023 г., Юрга  |f Национальный исследовательский Томский политехнический университет (ТПУ), Юргинский технологический институт (ЮТИ) ; под ред. С. А. Солодского  |v [С. 17-19]  |d 2023 
610 1 |a труды учёных ТПУ 
610 1 |a электронный ресурс 
610 1 |a селективное лазерное плавление 
610 1 |a высокоэнтропийные сплавы 
610 1 |a аддитивное производство 
610 1 |a суперсплавы 
610 1 |a научная проблема 
610 1 |a selective laser melting (SLP) 
610 1 |a high-entropy alloy 
610 1 |a additive manufacturing 
610 1 |a superalloy 
610 1 |a scientific problem 
700 1 |a Сапрыкина  |b Н. А.  |c специалист в области машиностроения  |c доцент Юргинского технологического иститута (филиала) Томского политехнического университета, кандидат технических наук  |f 1977-  |g Наталья Анатольевна  |2 stltpush  |3 (RuTPU)RU\TPU\pers\26502  |9 12204 
701 1 |a Сапрыкин  |b А. А.  |c специалист в области машиностроения  |c заведующий кафедрой Юргинского технологического института (филиала) Томского политехнического университета, кандидат технических наук  |f 1977-  |g Александр Александрович  |2 stltpush  |3 (RuTPU)RU\TPU\pers\24241  |9 10727 
712 0 2 |a Национальный исследовательский Томский политехнический университет  |b Юргинский технологический институт  |c (2009- )  |h 349  |2 stltpush  |3 (RuTPU)RU\TPU\col\15903 
801 2 |a RU  |b 63413507  |c 20230728  |g RCR 
856 4 |u http://earchive.tpu.ru/handle/11683/76588 
942 |c BK